[Event "Freytag Checkmate Open"]
[Site "Adelaide"]
[Date "2008.07.06"]
[Round "7"]
[White "Wedding, Robin"]
[Black "Dyer, Alastair"]
[Result "0-1"]
[PlyCount "82"]
[WhiteElo "1708"]
[BlackElo "1937"]

1. e4 e6 2. d4 d5 3. Nc3 Bb4 4. e5 c5 5. a3 Bxc3+ 6. bxc3 Qc7 7. Nf3 b6 8. a4
Ba6 9. Bxa6 Nxa6 10. O-O Ne7 11. Nh4 O-O 12. f4 f6 13. exf6 Rxf6 14. Bd2 Rc8
15. Qe2 Nb8 16. g4 Qd7 17. g5 Rf7 18. Nf3 Ng6 19. Rae1 Re8 20. Ne5 Nxe5 21.
Qxe5 Rf5 22. Qe3 cxd4 23. cxd4 Qxa4 24. Ra1 Qd7 25. Qg3 Nc6 26. c3 Na5 27. Rfe1
Nc4 28. Re2 a5 29. Rae1 a4 30. Bc1 b5 31. g6 h6 32. Ra2 Nd6 33. h4 Ne4 34. Qf3
Rc8 35. Re3 Qe7 36. Ba3 Qxh4 37. Rxe4 dxe4 38. Qxe4 Re8 39. Qc6 Qg3+ 40. Rg2
Qe1+ 41. Kh2 Rh5# 0-1

[Event "Freytag Checkmate Open"]
[Site "Adelaide"]
[Date "2008.07.06"]
[Round "7"]
[White "Toth, Andras"]
[Black "Smerdon, David C"]
[Result "1/2-1/2"]
[PlyCount "23"]
[WhiteElo "2401"]
[BlackElo "2463"]

1. c4 e6 2. Nc3 d5 3. d4 Nf6 4. Bg5 Be7 5. Nf3 O-O 6. e3 Nbd7 7. Rc1 Re8 8. Bd3
a6 9. cxd5 exd5 10. O-O c6 11. Qc2 Nf8 12. Ne5 1/2-1/2

[Event "Freytag Checkmate Open"]
[Site "Adelaide"]
[Date "2008.07.06"]
[Round "7"]
[White "Tao, Trevor"]
[Black "Stojic, Dusan"]
[Result "1-0"]
[PlyCount "117"]
[WhiteElo "2375"]
[BlackElo "2142"]

1. e4 c5 2. Nc3 d6 3. Nf3 a6 4. a4 Nf6 5. g3 Nc6 6. Bg2 g6 7. O-O Bg7 8. d3 O-O
9. h3 Rb8 10. Be3 e5 11. Qd2 b5 12. axb5 axb5 13. Bg5 Ne7 14. b3 b4 15. Nd1 Be6
16. Nb2 Qd7 17. Kh2 Ra8 18. Nc4 Bxc4 19. bxc4 Ra4 20. Ng1 Rfa8 21. Rxa4 Rxa4
22. Ne2 Nc6 23. Rb1 Qa7 24. Nc1 Nd7 25. h4 Ra1 26. Rxa1 Qxa1 27. Nb3 Qa2 28.
Bh3 Nb6 29. Kg2 h6 30. Nc1 Qb2 31. Bxh6 Bxh6 32. Qxh6 Qxc2 33. h5 Ne7 34. hxg6
Nxg6 35. Be6 fxe6 36. Qxg6+ Kf8 37. Qf6+ Ke8 38. Qxe6+ Kd8 39. Qxd6+ Nd7 40.
Qh6 b3 41. Nxb3 Qxb3 42. Qe3 Qc2 43. Kh3 Qa4 44. Qe2 Nb8 45. f4 exf4 46. gxf4
Nc6 47. Kg4 Nb4 48. Kf5 Nxd3 49. Qd2 Qxc4 50. Qa5+ Kd7 51. Qa7+ Kc6 52. Qb8
Qf7+ 53. Kg4 Nb4 54. e5 Qg6+ 55. Kf3 Qh5+ 56. Kg3 Kd5 57. Qd6+ Ke4 58. e6 Nd3
59. e7 1-0

[Event "Freytag Checkmate Open"]
[Site "Adelaide"]
[Date "2008.07.06"]
[Round "7"]
[White "Szuveges, Narelle S"]
[Black "Oliver, Tamzin"]
[Result "1/2-1/2"]
[PlyCount "80"]
[WhiteElo "1711"]
[BlackElo "1445"]

1. d4 Nf6 2. c4 e6 3. Nc3 Bb4 4. Qc2 O-O 5. a3 Bxc3+ 6. Qxc3 d5 7. Bg5 Nc6 8.
e3 h6 9. Bxf6 Qxf6 10. Nf3 a6 11. Bd3 Qe7 12. O-O Nb8 13. Ne5 c6 14. Rac1 Nd7
15. Bb1 Nxe5 16. dxe5 Bd7 17. Qc2 g6 18. f4 Kg7 19. Qf2 Rh8 20. h4 h5 21. Qg3
Kf8 22. c5 Rb8 23. b4 Qd8 24. Bd3 Ra8 25. Qg5 Qxg5 26. hxg5 Kg7 27. Ra1 Rhb8
28. Rfb1 Be8 29. a4 Bd7 30. Kf2 Kf8 31. Be2 Kg7 32. a5 Kf8 33. Rh1 Kg7 34. g4
hxg4 35. Rh6 Rh8 36. Rah1 Rad8 37. Bd3 Bc8 38. Kg3 Rde8 39. Kxg4 Rd8 40. Kf3
Rde8 1/2-1/2

[Event "Freytag Checkmate Open"]
[Site "Adelaide"]
[Date "2008.07.06"]
[Round "7"]
[White "Stojic, Svetozar"]
[Black "Freytag, Justin"]
[Result "1-0"]
[PlyCount "61"]
[WhiteElo "1836"]
[BlackElo "2073"]

1. e4 c5 2. Nf3 Nc6 3. d4 cxd4 4. Nxd4 Nf6 5. Nc3 e6 6. Ndb5 d6 7. Bf4 e5 8.
Bg5 a6 9. Na3 b5 10. Nd5 Be7 11. Bxf6 Bxf6 12. c3 Ne7 13. Nxf6+ gxf6 14. Nc2
Bb7 15. f3 d5 16. Bd3 Rg8 17. O-O Qb6+ 18. Kh1 O-O-O 19. Qe2 Ng6 20. g3 h5 21.
h4 Ne7 22. Kh2 Rg7 23. a4 Rdg8 24. Rg1 Ng6 25. Qe3 d4 26. cxd4 exd4 27. Qd2 Qd6
28. Qb4 Qc7 29. Nxd4 Kb8 30. Rac1 Qe5 31. Rc5 1-0

[Event "Freytag Checkmate Open"]
[Site "Adelaide"]
[Date "2008.07.06"]
[Round "7"]
[White "Staak, Eric"]
[Black "Milton, Anthony W"]
[Result "1/2-1/2"]
[PlyCount "42"]
[WhiteElo "1496"]
[BlackElo "1548"]

1. e4 c5 2. Nf3 d6 3. c3 Nf6 4. g3 Nc6 5. d3 g6 6. Bg2 Bg7 7. O-O O-O 8. h3 Qc7
9. Re1 Nd7 10. Nbd2 Rb8 11. a4 a6 12. Nf1 b5 13. Ne3 e6 14. Ng4 b4 15. Bh6 bxc3
16. Bxg7 Kxg7 17. bxc3 Qa5 18. Qd2 f6 19. Qh6+ Kg8 20. Qc1 Bb7 21. Nh6+ Kg7
1/2-1/2

[Event "Freytag Checkmate Open"]
[Site "Adelaide"]
[Date "2008.07.06"]
[Round "7"]
[White "Scott, Ronald"]
[Black "Nguyen, Thu Giang"]
[Result "1-0"]
[PlyCount "31"]
[WhiteElo "2241"]
[BlackElo "2121"]

1. e4 Nf6 2. d3 d6 3. f4 g6 4. Nf3 Bg7 5. g3 O-O 6. Bg2 Nc6 7. O-O e5 8. Nc3
Bg4 9. h3 Bxf3 10. Qxf3 exf4 11. gxf4 Nd4 12. Qf2 Nh5 13. Be3 c5 14. Nd5 Ng3
15. Rfe1 Qh4 16. Kh2 1-0

[Event "Freytag Checkmate Open"]
[Site "Adelaide"]
[Date "2008.07.06"]
[Round "7"]
[White "Sandler, Leonid"]
[Black "Brown, Andrew"]
[Result "1-0"]
[PlyCount "83"]
[WhiteElo "2282"]
[BlackElo "1925"]

1. d4 Nf6 2. c4 g6 3. Nc3 Bg7 4. Nf3 O-O 5. g3 b6 6. Bg2 Bb7 7. d5 d6 8. O-O e6
9. e4 exd5 10. cxd5 Re8 11. Re1 Nbd7 12. Nd4 Nxd5 13. exd5 Rxe1+ 14. Qxe1 Bxd4
15. Be3 Bg7 16. Qd2 Ne5 17. Bg5 Qd7 18. Ne4 Qf5 19. Rc1 Nf3+ 20. Bxf3 Qxf3 21.
Rxc7 Bc8 22. Qf4 Qd1+ 23. Kg2 Qxd5 24. f3 Bf5 25. Nf6+ Bxf6 26. Bxf6 Qe6 27.
Bd4 Qe2+ 28. Bf2 h5 29. Qc4 Qe8 30. a3 Be6 31. Qf4 Bd5 32. Qxd6 Rd8 33. Qf6 Rc8
34. Re7 Qb5 35. Qe5 Qc6 36. Qe3 Qc2 37. Qd4 Ba8 38. Rxa7 Qf5 39. Qf4 Qe6 40. h3
Bd5 41. Rc7 Re8 42. g4 1-0

[Event "Freytag Checkmate Open"]
[Site "Adelaide"]
[Date "2008.07.06"]
[Round "7"]
[White "Saint, Andrew"]
[Black "Zaric, Srboljub"]
[Result "0-1"]
[PlyCount "46"]
[WhiteElo "1922"]
[BlackElo "2101"]

1. d4 Nf6 2. Nf3 d5 3. Bg5 Nbd7 4. Nbd2 c6 5. c3 Qb6 6. Qc2 e6 7. e3 c5 8. Be2
a5 9. O-O Be7 10. Ne5 Nxe5 11. dxe5 Ng8 12. Bxe7 Nxe7 13. c4 Bd7 14. g4 Bc6 15.
f4 O-O-O 16. cxd5 Nxd5 17. Nc4 Qc7 18. Nd6+ Rxd6 19. exd6 Qxd6 20. Qd2 Nxf4 21.
Rfd1 Nh3+ 22. Kf1 Qxh2 23. Bf3 Qg1+ 0-1

[Event "Freytag Checkmate Open"]
[Site "Adelaide"]
[Date "2008.07.06"]
[Round "7"]
[White "Russell, Luthien"]
[Black "Zulfic, Fedja"]
[Result "1/2-1/2"]
[PlyCount "71"]
[WhiteElo "1528"]
[BlackElo "1856"]

1. e4 d5 2. exd5 Nf6 3. d4 Bg4 4. Be2 Bxe2 5. Nxe2 Qxd5 6. O-O Nc6 7. Nbc3 Qd7
8. Bf4 e6 9. Re1 O-O-O 10. Be3 h5 11. a4 h4 12. h3 Bd6 13. Nb5 Rdg8 14. c4 Bb4
15. Bd2 Bxd2 16. Qxd2 g5 17. Rad1 a6 18. Nbc3 g4 19. Qe3 gxh3 20. Qxh3 Nh7 21.
d5 Ng5 22. Qe3 h3 23. dxe6 Qxe6 24. Qxe6+ fxe6 25. Ng3 Ne7 26. Nce4 Nf5 27. Rd3
Nxg3 28. Rxg3 Nxe4 29. Rxe4 h2+ 30. Kh1 Rd8 31. Rh3 Rhf8 32. f4 Rd2 33. Kxh2
Rxb2 34. Ra3 Rg8 35. Rg3 Rh8+ 36. Rh3 1/2-1/2

[Event "Freytag Checkmate Open"]
[Site "Adelaide"]
[Date "2008.07.06"]
[Round "7"]
[White "Oliver, Shannon"]
[Black "Christensen, Joshua"]
[Result "1/2-1/2"]
[PlyCount "67"]
[WhiteElo "1799"]
[BlackElo "1624"]

1. e4 d5 2. exd5 Qxd5 3. Nc3 Qa5 4. d4 c6 5. Nf3 Nf6 6. Bc4 Bg4 7. Bd2 Nbd7 8.
Nd5 Qd8 9. Nxf6+ exf6 10. O-O Be7 11. Bd3 O-O 12. c3 Qc7 13. h3 Bh5 14. Be2
Rfe8 15. Nh4 Bxe2 16. Qxe2 g6 17. Qc4 Bd6 18. Nf3 Nb6 19. Qd3 Nd5 20. Rfe1 Nf4
21. Bxf4 Bxf4 22. Re4 Kf8 23. Rae1 Bh6 24. c4 Rxe4 25. Qxe4 Qd7 26. Kf1 Rd8 27.
Qd3 Qd6 28. Re4 Bg7 29. Re1 f5 30. Rd1 h6 31. b3 Qf4 32. Qe3 Qd6 33. Qd3 Qf4
34. Qe3 1/2-1/2

[Event "Freytag Checkmate Open"]
[Site "Adelaide"]
[Date "2008.07.06"]
[Round "7"]
[White "Oliver, Gareth"]
[Black "Goldsmith, Alan"]
[Result "0-1"]
[PlyCount "63"]
[WhiteElo "2160"]
[BlackElo "2030"]

1. d4 Nf6 2. c4 c5 3. d5 e5 4. Nc3 d6 5. e4 g6 6. f3 a6 7. Be3 b5 8. cxb5 Bg7
9. Bc4 Nh5 10. Nge2 O-O 11. g4 Nf4 12. Nxf4 exf4 13. Bxf4 Nd7 14. Qe2 Nb6 15.
O-O Re8 16. Rfe1 Qf6 17. Be3 Nxc4 18. g5 Qe7 19. Qxc4 axb5 20. Qxb5 Ba6 21. Qb3
Bd3 22. Qd1 c4 23. Qd2 Rab8 24. b3 Qe5 25. Rac1 f5 26. gxf6 Qxf6 27. bxc4 Bxc4
28. f4 Qh4 29. Qf2 Qh5 30. Qg2 Bxc3 31. Rxc3 Rxe4 32. Qxe4 0-1

[Event "Freytag Checkmate Open"]
[Site "Adelaide"]
[Date "2008.07.06"]
[Round "7"]
[White "Kerr, Bill"]
[Black "Hams, Jeffrey"]
[Result "0-1"]
[PlyCount "69"]
[WhiteElo "1937"]
[BlackElo "1769"]

1. f4 d5 2. Nf3 Nf6 3. g3 Bf5 4. Bg2 h6 5. O-O e6 6. d3 Bc5+ 7. e3 O-O 8. Kh1
c6 9. Qe2 Na6 10. Nc3 Bh7 11. e4 dxe4 12. dxe4 Be7 13. Ne5 Qc7 14. Be3 Bc5 15.
g4 Bxe3 16. Qxe3 Nd7 17. Nd3 Qb6 18. Qg3 Nac5 19. Rf2 Nxd3 20. cxd3 Rad8 21. f5
exf5 22. gxf5 f6 23. Rg1 Kh8 24. Ne2 Rf7 25. Nf4 Nf8 26. Bf1 Qc7 27. Qe3 Qb6
28. Qf3 Qc7 29. Rfg2 Re8 30. Rg4 Ree7 31. d4 Re8 32. Qg2 Rd8 33. Nh5 Rdd7 34.
Bc4 Rfe7 35. Nxf6 0-1

[Event "Freytag Checkmate Open"]
[Site "Adelaide"]
[Date "2008.07.06"]
[Round "7"]
[White "Johansen, Darryl K"]
[Black "Rujevic, Mirko"]
[Result "1-0"]
[PlyCount "105"]
[WhiteElo "2423"]
[BlackElo "2207"]

1. c4 g6 2. d4 Bg7 3. e4 d6 4. Nc3 Nc6 5. d5 Nd4 6. Be3 c5 7. Nge2 Nxe2 8. Bxe2
Nf6 9. O-O O-O 10. Qd2 Re8 11. Rad1 Qa5 12. Bh6 Bh8 13. f4 Ng4 14. Bxg4 Bxg4
15. Rde1 Bd7 16. f5 Qb4 17. Qf2 Bd4 18. Be3 Bf6 19. fxg6 fxg6 20. e5 dxe5 21.
Ne4 Rf8 22. b3 b6 23. Bh6 Bf5 24. Bxf8 Rxf8 25. Nxf6+ exf6 26. Qe3 Kg7 27. h3
h5 28. Rd1 b5 29. Rc1 Bd7 30. Rf2 Rc8 31. Rfc2 Bf5 32. Rc3 Rd8 33. cxb5 Qd4 34.
Qxd4 cxd4 35. Rc7+ Kh6 36. Rxa7 Rxd5 37. b6 d3 38. a4 Be4 39. b7 Rd8 40. Rc8
Rd4 41. b8=Q d2 42. h4 d1=Q+ 43. Kh2 g5 44. Rh8+ Kg6 45. Rg7+ Kf5 46. Qf8 Rd6
47. Rxg5+ Kf4 48. Rh6 Ke3 49. Rxf6 Rxf6 50. Qxf6 Qe1 51. Rxe5 Kd3 52. Rxe4 Qxe4
53. Qf3+ 1-0

[Event "Freytag Checkmate Open"]
[Site "Adelaide"]
[Date "2008.07.06"]
[Round "7"]
[White "Jelic, Mato"]
[Black "Stevens, Tristan"]
[Result "0-1"]
[PlyCount "72"]
[WhiteElo "1741"]
[BlackElo "1965"]

1. c4 e6 2. d4 d5 3. Nc3 c5 4. cxd5 cxd4 5. Qa4+ Bd7 6. Qxd4 exd5 7. Qxd5 Nc6
8. Nf3 Nf6 9. Qd1 Bc5 10. e3 Qc7 11. Be2 O-O-O 12. Bd2 a6 13. a3 Ne5 14. Rc1
Kb8 15. b4 Be7 16. Nd5 Qd6 17. Nxe7 Ba4 18. Rc8+ Ka7 19. Rxd8 Rxd8 20. Nf5
Nxf3+ 21. gxf3 Qd7 22. Qc1 Qxf5 23. e4 Qd7 24. Be3+ Ka8 25. Qc5 b5 26. Qb6 Rc8
27. Qxa6+ Kb8 28. Qb6+ Ka8 29. Bc5 Rc6 30. Qa5+ Kb8 31. O-O Ne8 32. Kh1 Nd6 33.
Bxd6+ Rxd6 34. Rg1 Kb7 35. Rd1 Bxd1 36. Bxb5 Bxf3+ 0-1

[Event "Freytag Checkmate Open"]
[Site "Adelaide"]
[Date "2008.07.06"]
[Round "7"]
[White "Jackson, Ralph E"]
[Black "Lojanica, Milenko"]
[Result "0-1"]
[PlyCount "101"]
[WhiteElo "1899"]
[BlackElo "2016"]

1. Nf3 g6 2. g3 Bg7 3. Bg2 d5 4. O-O Nf6 5. c4 O-O 6. cxd5 Nxd5 7. Nc3 c6 8.
Qc2 Na6 9. a3 Nac7 10. d4 Nxc3 11. bxc3 Nd5 12. e4 Nf6 13. Re1 Qa5 14. Bf4 Ng4
15. h3 Nf6 16. e5 Nd5 17. Bd2 Bf5 18. Qc1 Qa4 19. Bh6 Qc4 20. Bxg7 Kxg7 21. Qb2
Rab8 22. Rac1 Rfc8 23. Bf1 Bd3 24. Nd2 Qa6 25. c4 Bxf1 26. Rxf1 Nc7 27. Ne4 Rd8
28. Qc3 b6 29. Rfd1 Kf8 30. Qe3 Kg7 31. f4 e6 32. g4 Qc8 33. Nd6 Qd7 34. f5
exf5 35. gxf5 Kh8 36. Qh6 Qe7 37. f6 Qf8 38. Kh2 Kg8 39. Qh4 Rxd6 40. exd6
Qxd6+ 41. Kh1 Qxa3 42. Qh6 Qf3+ 43. Kg1 Qxf6 44. d5 cxd5 45. cxd5 Qd6 46. Qh4
Nxd5 47. Rd4 Qe5 48. Rcd1 Qe3+ 49. Kh1 Qf3+ 50. Kh2 Re8 51. Re1 0-1

[Event "Freytag Checkmate Open"]
[Site "Adelaide"]
[Date "2008.07.06"]
[Round "7"]
[White "Ivkovic, Novica"]
[Black "Rigo, Bernard"]
[Result "0-1"]
[PlyCount "87"]
[WhiteElo "1657"]
[BlackElo "1820"]

1. f4 g6 2. Nf3 Bg7 3. e3 d6 4. d4 Nf6 5. c4 O-O 6. Nc3 c6 7. Bd3 Nbd7 8. Qc2
Qc7 9. Bd2 e5 10. O-O-O a6 11. f5 b5 12. fxg6 fxg6 13. Ng5 Re8 14. Nxh7 Nxh7
15. Bxg6 Ndf6 16. Bxe8 Nxe8 17. c5 d5 18. Qg6 Nef6 19. h4 Qf7 20. Qg3 Nh5 21.
Qe1 Bg4 22. Ne2 Re8 23. Rf1 Qg6 24. Bc3 b4 25. Bxb4 exd4 26. Nf4 Nxf4 27. Rxf4
Bxd1 28. Qxd1 dxe3 29. Rg4 Qh6 30. Qe2 d4 31. Be1 Qe6 32. b3 d3 33. Rxg7+ Kxg7
34. Qxd3 e2 35. Qg3+ Kf7 36. Qc7+ Re7 37. Qf4+ Nf6 38. Kd2 Qd5+ 39. Kc2 Qe4+
40. Qxe4 Nxe4 41. b4 Rd7 42. h5 Rd1 43. Bh4 Rh1 44. Kd3 0-1

[Event "Freytag Checkmate Open"]
[Site "Adelaide"]
[Date "2008.07.06"]
[Round "7"]
[White "Hu, Jason"]
[Black "West, Guy"]
[Result "1/2-1/2"]
[PlyCount "104"]
[WhiteElo "2141"]
[BlackElo "2310"]

1. d4 Nf6 2. Nf3 c5 3. e3 g6 4. c3 Qc7 5. Be2 Bg7 6. O-O O-O 7. Nbd2 b6 8. a4
Bb7 9. Qb3 d6 10. a5 Nbd7 11. Rd1 Rab8 12. axb6 axb6 13. Nf1 Ne4 14. Ng3 Nxg3
15. hxg3 Nf6 16. Nd2 Bd5 17. c4 Bc6 18. Nf3 e5 19. d5 Bd7 20. Bd2 e4 21. Ng5 h6
22. Nh3 Qc8 23. Nf4 g5 24. Nh5 Nxh5 25. Bxh5 g4 26. Bc3 Re8 27. Bxg7 Kxg7 28.
Qc3+ Re5 29. f4 exf3 30. gxf3 Kg8 31. Bxg4 Bxg4 32. fxg4 Qxg4 33. Rd2 Rbe8 34.
Re1 Kh7 35. Qd3+ Kh8 36. Kg2 Rg8 37. e4 Rh5 38. Rg1 Rg6 39. Rf2 Qh3+ 40. Kf3
Rhg5 41. Qc3+ Kg8 42. Ke2 Re5 43. Qf3 f5 44. Kd2 Rxe4 45. b3 Rf6 46. Rgf1 Qg4
47. Qxg4+ Rxg4 48. Rxf5 Rxf5 49. Rxf5 Rxg3 50. Rf6 Kg7 51. Rxd6 Rxb3 52. Re6 b5
1/2-1/2

[Event "Freytag Checkmate Open"]
[Site "Adelaide"]
[Date "2008.07.06"]
[Round "7"]
[White "Hoff, Michael"]
[Black "Mdinaradze, Edgar"]
[Result "0-1"]
[PlyCount "78"]
[WhiteElo "1840"]
[BlackElo "1975"]

1. e4 d6 2. d4 g6 3. c4 Bg7 4. Be3 Nf6 5. f3 c6 6. Qd2 b6 7. Nc3 h5 8. O-O-O
O-O 9. Bh6 Nbd7 10. Bxg7 Kxg7 11. e5 Ng8 12. g4 hxg4 13. h4 dxe5 14. fxg4 Ndf6
15. g5 Nh5 16. Nge2 Bf5 17. Bh3 e6 18. Qe3 exd4 19. Nxd4 Qc7 20. Nce2 Ne7 21.
Nf3 Rad8 22. Qc3+ Kg8 23. Bxf5 Nxf5 24. Ne5 c5 25. Ng4 Nd4 26. Nh6+ Kh7 27.
Nxd4 Qf4+ 28. Kb1 cxd4 29. Qa3 Ng3 30. Rhg1 Nf5 31. Ng4 Ne3 32. Nf6+ Kh8 33.
Qd3 Qf5 34. h5 Nxd1 35. Qxf5 exf5 36. hxg6 Kg7 37. Rxd1 Kxg6 38. Nd5 Rh8 39.
Rg1 Rxd5 0-1

[Event "Freytag Checkmate Open"]
[Site "Adelaide"]
[Date "2008.07.06"]
[Round "7"]
[White "Hacche, David J"]
[Black "Chapman, Mark"]
[Result "1/2-1/2"]
[PlyCount "59"]
[WhiteElo "2127"]
[BlackElo "2303"]

1. d4 Nf6 2. Nf3 e6 3. g3 d5 4. Bg2 c5 5. O-O Nc6 6. c3 Be7 7. a3 c4 8. Nbd2 b5
9. Ne1 Bb7 10. Nc2 O-O 11. e4 dxe4 12. Nxe4 Nxe4 13. Bxe4 Na5 14. Bxb7 Nxb7 15.
Qg4 Nd6 16. Bf4 Ne8 17. Qe2 Nf6 18. a4 a6 19. axb5 axb5 20. Bg5 Nd5 21. Rxa8
Qxa8 22. Bxe7 Nxe7 23. Ra1 Qb7 24. Nb4 Ra8 25. Rxa8+ Qxa8 26. Qe5 Qb7 27. Qd6
h6 28. h4 h5 29. Qe5 g6 30. Qd6 1/2-1/2

[Event "Freytag Checkmate Open"]
[Site "Adelaide"]
[Date "2008.07.06"]
[Round "7"]
[White "Guo, Emma"]
[Black "McKenzie, Mark"]
[Result "1-0"]
[PlyCount "73"]
[WhiteElo "1683"]
[BlackElo "1145"]

1. e4 Nf6 2. e5 Nd5 3. c4 Nb6 4. d4 d6 5. exd6 cxd6 6. Nc3 Nc6 7. b3 g6 8. Bb2
Bg7 9. Ne4 O-O 10. Nf3 Bg4 11. Be2 d5 12. Nc5 Qc7 13. Rc1 e6 14. O-O Nd7 15.
cxd5 exd5 16. h3 Bh5 17. g4 Bxg4 18. hxg4 Nxc5 19. Rxc5 Rfd8 20. Ne5 Bf8 21.
Nxc6 bxc6 22. Rc2 Bd6 23. Bb5 Rac8 24. Rxc6 Bh2+ 25. Kg2 Qf4 26. Qf3 Qxf3+ 27.
Kxf3 Rxc6 28. Bxc6 Rd6 29. Rc1 Rf6+ 30. Kg2 Bf4 31. Rc5 h5 32. gxh5 gxh5 33.
Bxd5 Rg6+ 34. Kh1 Rf6 35. Be4 Bd6 36. Rc8+ Bf8 37. Ba3 1-0

[Event "Freytag Checkmate Open"]
[Site "Adelaide"]
[Date "2008.07.06"]
[Round "7"]
[White "Garcia-Blanco, Miguel"]
[Black "Glasson, Benjamin"]
[Result "1/2-1/2"]
[PlyCount "75"]
[WhiteElo "1733"]
[BlackElo "1589"]

1. c4 Nf6 2. Nc3 e6 3. e4 d6 4. d4 c5 5. dxc5 dxc5 6. Qxd8+ Kxd8 7. Bg5 Be7 8.
O-O-O+ Ke8 9. Be2 a6 10. f4 Nc6 11. e5 Nd7 12. Bxe7 Kxe7 13. Nf3 Rb8 14. Rd2 b6
15. Rhd1 Rd8 16. Ne4 f6 17. Nd6 Bb7 18. exf6+ gxf6 19. Nxb7 Rxb7 20. Bd3 f5 21.
Bc2 Nf6 22. Rxd8 Nxd8 23. Re1 h6 24. Bxf5 Rd7 25. Bh3 Rd3 26. Kc2 Rd6 27. Nh4
Kf7 28. Nf3 Ke7 29. g3 Nc6 30. a3 Nd7 31. g4 Kf6 32. g5+ hxg5 33. fxg5+ Kf7 34.
Kc3 Nd4 35. Rf1 Kg6 36. Nxd4 cxd4+ 37. Kd2 Ne5 38. Rf6+ 1/2-1/2

[Event "Freytag Checkmate Open"]
[Site "Adelaide"]
[Date "2008.07.06"]
[Round "7"]
[White "Dragicevic, Domagoj"]
[Black "Obst, James"]
[Result "0-1"]
[PlyCount "82"]
[WhiteElo "2125"]
[BlackElo "2250"]

1. e4 e5 2. Bc4 Nf6 3. d3 c6 4. Nf3 d6 5. c3 Be7 6. O-O O-O 7. Nbd2 Nbd7 8. Bb3
Qc7 9. Re1 Re8 10. Nf1 Bf8 11. Bg5 h6 12. Bh4 g6 13. Ne3 Bg7 14. Qd2 Rf8 15.
Rad1 Kh7 16. Bc2 Re8 17. h3 b5 18. Qe2 a5 19. Nd2 Ba6 20. Ng4 Nh5 21. Qf3 Nb6
22. Nf1 c5 23. Nge3 Bb7 24. Nh2 Rf8 25. Nf5 Nf4 26. Nxg7 Kxg7 27. Bg3 Ne6 28.
Qe3 f5 29. exf5 gxf5 30. Qd2 f4 31. Bh4 Qf7 32. f3 Kh8 33. Kh1 a4 34. Bf2 Qg7
35. Re2 Nd5 36. Nf1 a3 37. d4 Rg8 38. Bg1 axb2 39. dxe5 dxe5 40. Be4 Rxa2 41.
Qd3 c4 0-1

[Event "Freytag Checkmate Open"]
[Site "Adelaide"]
[Date "2008.07.06"]
[Round "7"]
[White "Cooke, Tristrom"]
[Black "Tan, Peter"]
[Result "1/2-1/2"]
[PlyCount "98"]
[WhiteElo "1495"]
[BlackElo "1236"]

1. e4 e5 2. Nf3 Nc6 3. Bc4 Bc5 4. c3 Nf6 5. d4 exd4 6. e5 Qe7 7. O-O Nxe5 8.
Nxe5 Qxe5 9. Re1 Ne4 10. Bxf7+ Kxf7 11. Qf3+ Qf6 12. Qxe4 dxc3 13. Qd5+ Kg6 14.
Qxc5 cxb2 15. Qc2+ Qf5 16. Qxf5+ Kxf5 17. Bxb2 Kg6 18. Nc3 d6 19. Nb5 Bd7 20.
Nxc7 Rac8 21. Nd5 Rc2 22. Bxg7 Rhc8 23. Ne7+ Kxg7 24. Nxc8 Bxc8 25. Rec1 Bf5
26. Rxc2 Bxc2 27. Rc1 Be4 28. Rd1 Kf6 29. Rxd6+ Ke5 30. Rd2 b5 31. Re2 Kd4 32.
Rxe4+ Kxe4 33. Kf1 a5 34. Ke1 b4 35. Kd2 a4 36. f3+ Kf4 37. Kd3 h5 38. Kc4 b3
39. Kc3 bxa2 40. Kb2 h4 41. h3 Kg3 42. Kxa2 Kxg2 43. f4 Kxh3 44. f5 Kg4 45. f6
h3 46. f7 h2 47. f8=Q h1=Q 48. Qg7+ Kf4 49. Qf6+ Ke3 1/2-1/2

[Event "Freytag Checkmate Open"]
[Site "Adelaide"]
[Date "2008.07.06"]
[Round "7"]
[White "Cloudsdale, Colin"]
[Black "Hoile, Robert"]
[Result "1-0"]
[PlyCount "37"]
[WhiteElo "1991"]
[BlackElo "1860"]

1. e4 c5 2. Nf3 e6 3. d4 cxd4 4. Nxd4 Nc6 5. Be3 a6 6. Nc3 Nf6 7. f4 Bb4 8. Bd3
Qc7 9. O-O Bxc3 10. bxc3 b5 11. a4 b4 12. Nxc6 Qxc6 13. cxb4 Nxe4 14. b5 axb5
15. Bxb5 Qd6 16. c4 Qxd1 17. Rfxd1 Ke7 18. a5 d6 19. Bc6 1-0

[Event "Freytag Checkmate Open"]
[Site "Adelaide"]
[Date "2008.07.06"]
[Round "7"]
[White "Antic, Dejan"]
[Black "Xie, George"]
[Result "1-0"]
[PlyCount "95"]
[WhiteElo "2476"]
[BlackElo "2449"]

1. d4 d5 2. c4 e5 3. dxe5 d4 4. Nf3 Nc6 5. g3 Nge7 6. Bg2 Ng6 7. O-O Ngxe5 8.
Nxe5 Nxe5 9. b3 Bc5 10. Bb2 O-O 11. Nd2 Qe7 12. Ne4 Rd8 13. Nxc5 Qxc5 14. e3 d3
15. Qh5 f6 16. Bd5+ Qxd5 17. cxd5 Bg4 18. Qxg4 Nxg4 19. h3 Ne5 20. Bxe5 fxe5
21. e4 c6 22. dxc6 bxc6 23. Rfd1 d2 24. Rab1 Rd4 25. Rb2 Rad8 26. Kg2 Rd3 27.
Rc2 R8d6 28. Kf1 a5 29. Ke2 R3d4 30. f3 Rg6 31. g4 Rh6 32. Rdxd2 Rxd2+ 33. Kxd2
Rxh3 34. Ke3 Kf7 35. Rc5 Rh2 36. Rxa5 Kf6 37. Ra6 Kg5 38. Rxc6 Rxa2 39. Re6 Kh4
40. Rxe5 Kg3 41. Re7 g5 42. Rg7 Rb2 43. Rb7 Rb1 44. Rb5 Rb2 45. Rf5 Rxb3+ 46.
Kd4 Rb4+ 47. Kd5 Ra4 48. e5 1-0

[Event "Freytag Checkmate Open"]
[Site "Adelaide"]
[Date "2008.10.10"]
[Round "6"]
[White "Hams, Jeffrey"]
[Black "Zaric, Srboljub"]
[Result "1/2-1/2"]
[PlyCount "69"]
[WhiteElo "1769"]
[BlackElo "2101"]

1. d4 Nf6 2. Nf3 d5 3. Bf4 c6 4. c3 Bf5 5. Qb3 Qb6 6. Nbd2 Nbd7 7. h3 e6 8. e3
Ne4 9. Be2 Be7 10. O-O g5 11. Bh2 g4 12. hxg4 Bxg4 13. Qxb6 axb6 14. Rfe1 Rg8
15. Nxe4 dxe4 16. Ne5 Nxe5 17. Bxe5 b5 18. Bxg4 Rxg4 19. a3 Kd7 20. g3 h5 21.
Kg2 h4 22. Rh1 hxg3 23. Bxg3 Rag8 24. Rh3 Bd6 25. Rg1 R8g7 26. Kf1 e5 27. Bh2
Rxg1+ 28. Bxg1 exd4 29. exd4 Ke6 30. Bh2 Bxh2 31. Rxh2 f5 32. Ke2 Rg8 33. Kd2
Rg1 34. Kc2 Rf1 35. Kb3 1/2-1/2

[Event "Freytag Checkmate Open"]
[Site "Adelaide"]
[Date "2008.07.06"]
[Round "6"]
[White "Zulfic, Fedja"]
[Black "Jackson, Ralph E"]
[Result "0-1"]
[PlyCount "72"]
[WhiteElo "1856"]
[BlackElo "1899"]

1. d4 g6 2. Nf3 Bg7 3. c4 Nf6 4. Nc3 d5 5. Bf4 O-O 6. e3 c6 7. h3 Nbd7 8. Be2
dxc4 9. Bxc4 b5 10. Bb3 a5 11. O-O Ba6 12. Re1 c5 13. Rc1 c4 14. Bc2 b4 15. Na4
Nd5 16. Bh2 Bh6 17. Ne5 Nxe5 18. Bxe5 Bb5 19. Nc5 c3 20. b3 e6 21. Bd3 Bc6 22.
Bc4 Nb6 23. Qd3 a4 24. Rc2 axb3 25. Bxb3 Na4 26. Nxa4 Bxa4 27. Bxa4 Rxa4 28.
Qb5 Qa8 29. Qc4 Rc8 30. Qb3 Bf8 31. Kh2 Ra3 32. Qb1 Qa6 33. Qa1 Ra8 34. Ree2
Qd3 35. d5 exd5 36. Qb1 b3 0-1

[Event "Freytag Checkmate Open"]
[Site "Adelaide"]
[Date "2008.07.06"]
[Round "6"]
[White "Xie, George"]
[Black "Tao, Trevor"]
[Result "1-0"]
[PlyCount "45"]
[WhiteElo "2449"]
[BlackElo "2375"]

1. d4 d5 2. c4 dxc4 3. Nf3 c5 4. d5 Nf6 5. Nc3 e6 6. e4 exd5 7. e5 Be6 8. exf6
gxf6 9. g3 Nc6 10. Bg2 Qd7 11. O-O Be7 12. Nh4 Nb4 13. f4 f5 14. Nf3 Bf6 15.
Ne5 Bxe5 16. fxe5 O-O-O 17. Bg5 Rde8 18. b3 d4 19. Na4 c3 20. Nxc5 Qc7 21.
Bxb7+ Kb8 22. Qxd4 Nc2 23. Qxc3 1-0